| 000 | 00760nam a22002417a 4500 | ||
|---|---|---|---|
| 008 | 160206b xxu||||| |||| 00| 0 eng d | ||
| 020 | _a978-971-0161-04-1 | ||
| 082 |
_22013 _aDFil 796.06 _bP96 |
||
| 100 |
_92660 _aCalicdan, Antonio V. |
||
| 245 |
_aPhysical education 4 : _bteam sports/ _cAntonio V. Calicdan..[and 5 others] |
||
| 260 |
_aMalabon City: _bJimczyville Publications, _cc2013. |
||
| 300 |
_avi, 348 pages; _c24 cm. |
||
| 650 | 0 |
_92666 _aBall games. |
|
| 658 | 0 | _aVolleyball. | |
| 658 | 0 | _aBasketball. | |
| 700 |
_92661 _aSison, Robert G. |
||
| 700 |
_92662 _aCacho, Rene D. |
||
| 700 |
_92663 _aCoronongan, Melanie B. |
||
| 700 |
_92664 _aAlpez, June C. |
||
| 700 |
_92665 _aKon-ek, Arlene B. |
||
| 365 |
_b550.00 _cPHP. |
||
| 942 |
_2ddc _cDFIL |
||
| 999 |
_c1009 _d1009 |
||